000 01109cam a2200205 4500
001 L136826
008 070226n2007 000 0 eng u
035 _a(Sirsi) u136826
041 0 _aeng
110 2 _aAll Party Urban Development Group
_95129
245 0 0 _aLoosening the leash
_bhow local government can deliver infrastructure with private sector money
_h[electronic resource]
260 _c2007
505 2 _aWhat's wrong with the existing system? -- Options for improvement -- Making new funding mechanisms work in practice -- Governance and funding - bringing it together -- Recommendations.
520 _aAddresses the question of infrastructure funding and looks at how greater financial devolution, coupled with a step-change in private-sector investment, could help to overcome the 'infrastructure gap' facing Britain's towns and cities.
590 _aKA NTK
651 4 _aUnited Kingdom
_y
690 _aPROPERTY-INFRASTRUCTURE
856 4 0 _uhttps://www.allparty-urbandevelopment.org.uk/reports.html
_zView the report free of charge at www.allparty-urbandevelopment.org.uk...
942 _n0
999 _c106521
_d106521